00776nam a22001817a 4500003001100000005001700011008004100028020001900069040003900088041000800127082001800135110005400153245015000207260005400357300003300411650003000444856012000474LK-CoMWRAF20240120120253.0240117b2013 |||||||| |||| 00| 0 eng d a 9789221270867 aLK-CoMWRAFdLK-CoMWRAFeLK-CoMWRAF aeng a344.0162bINT aILO country office for Sri Lanka and the Maldives aStrengthening grievance and complaint handling mechanisms to address migrant worker grievances in Sri Lanka:ba review and analysis of mechanisms aGeneva:bInternational Labour Organization,c2013 a54 p.bBibliography included aMIGRANT WORKERS-Sri Lanka uhttps://www.ilo.org/wcmsp5/groups/public/---asia/---ro-bangkok/---ilo-colombo/documents/publication/wcms_233367.pdf